Platataforma para la automatización del despiece de elementos de refuerzo en estructuras de concreto reforzado
Guardado en:
| Hovedforfatter: | |
|---|---|
| Format: | Bog |
| Sprog: | Spanish |
| Udgivet: |
[San José ], Costa Rica
2018
|
| Tags: |
Tilføj Tag
Ingen Tags, Vær først til at tagge denne postø!
|
MARC
| LEADER | 00000nam a22000007a 4500 | ||
|---|---|---|---|
| 003 | 012915 | ||
| 005 | 20221231144348.0 | ||
| 008 | 180911b2018 cr a|||| m||| 00| ||spa d | ||
| 040 | |c cru CEDI | ||
| 090 | |a TFG 8066 | ||
| 100 | |9 13834 |a Vásquez Mayorga, Mariano | ||
| 245 | |a Platataforma para la automatización del despiece de elementos de refuerzo en estructuras de concreto reforzado | ||
| 260 | |a [San José ], Costa Rica |c 2018 | ||
| 300 | |a xii, 84 hojas :ilustraciones a color | ||
| 500 | |a Proyecto de graduación (licenciatura en ingeniería civil)--Universidad de Costa Rica. Facultad de Ingeniería. Escuela de Ingeniería Civil | ||
| 501 | |a Directora del Proyecto Ing. Carmen Penabad Bustamante, MBA. | ||
| 942 | |c TFG | ||
| 999 | |c 20752 |d 20752 | ||
